01997nam a2200217 a 4500008004100000020001500041041000800056092001700064100002300081245003700104250003900141260004000180300001100220500008000231505113800311590006801449655002101517942001301538999001501551952021301566190917e1995 ag |||g |||| 001 0 spa d a9500710056 aspa c808l15sDAR1 aDarne, Alain93470 aDiario de Nerón /cAlain Darne a1a ed.bTraducción Manue Pereira aBuenos Aires:bSudamericana;c1995. a411 p. aDarne, A. (1995). Diario de Nerón. (1a ed.). Buenos Aires : Sudamericana. aEsta reconstrucción novelesca del diario de Nerón es una oportuna reivindicación de una de las figuras más polémicas y denostadas del Imperio Romano. Basándose en las fuentes mejor documentadas, el autor recrea fielmente un trozo de la historia de Roma: el terremoto que destruyó Pompeya, las guerras y sublevaciones en las colonias, la conspiración de Pisón, la persecución de los cristianos...a través de los ojos de un testigo de excepción, cuya personalidad es puesta de manifiesto, emerge así el Nerón artista empeñado en levantar el Imperio de la Belleza, para lo cual no duda en creerse dos veces más sabio que su maestro Séneca, el Nerón que no se cree un elegido de los dioses, sino un dios. Este libro viene a ser la venganza póstuma contra todos aquellos que osaron criticar sus decisiones políticas y burlarse de su talento artístico. Es una obra, cuya calidad poética y profundidad en sus reflexiones rozan Las memorias de Adriano de Marguerite Yourcenar. Alain Darne da la palabra al gran acusado de la Historia, incluso para que diga sus mentiras. Es el turno del ofendido.  a Proyecto 4to libro, Donación Maria Vitarelli, Diciembre 2017 aLiteratura92917 2ddccLIT c2621d2621 00102ddc4070aBFMbBFMcCRd2017-12-27eDonación Maria Vitarelli, Diciembre 2017l0o808.8 15 DARp4127r2017-12-27tEj. 1w2017-12-27yLITzProyecto 4to libro. Donación Maria Vitarelli, Diciembre 2017